Online
Catalog

Control de Gobierno Central sobre las empresas públicas / (Record no. 15551)

MARC details
000 -CABECERA
campo de control de longitud fija 00767nam a2200169 a 4500
001 - NÚMERO DE CONTROL
campo de control 000016009
005 - FECHA Y HORA DE LA ÚLTIMA TRANSACCIÓN
campo de control 20200929164233.0
008 - DATOS DE LONGITUD FIJA--INFORMACIÓN GENERAL
campo de control de longitud fija 100223s1979 dr r 000 0 spa d
040 ## - FUENTE DE LA CATALOGACIÓN
Centro catalogador/agencia de origen DO-SdBNP
Lengua de catalogación spa
Centro/agencia transcriptor BNPHU
111 1# - ENTRADA PRINCIPAL--NOMBRE DE CONGRESO/REUNIÓN
Nombre de congreso/reunión o jurisdicción como elemento de entrada Seminario sobre gestión de las empresas públicas en la República Dominicana e Italia
Número del congreso/reunión o número de parte o sección 30 de obtubrede 1975
Sede del congreso/Lugar de la reunión Santo Domingo )
9 (RLIN) 35958
245 10 - MENCIÓN DE TÍTULO
Título Control de Gobierno Central sobre las empresas públicas /
Mención de responsabilidad, etc. José Rafael Abinader.
260 ## - PUBLICACIÓN, DISTRIBUCIÓN, ETC.
Lugar de publicación, distribución, etc. Santo Domingo :
Nombre del editor, distribuidor, etc. Secretaría de Estado de Finanzas,
Fecha de publicación, distribución, etc. 1979.
300 ## - DESCRIPCIÓN FÍSICA
Extensión 13 P. ;
Dimensiones 22 cm.
490 1# - MENCIÓN DE SERIE
Mención de serie Publicación Técnica de la Secretaría de Estado de Finanzas
Designación de volumen o secuencia 4
700 1# - PUNTO DE ACCESO ADICIONAL--NOMBRE DE PERSONA
Nombre de persona Abinader, José Rafael
9 (RLIN) 11652
830 #0 - PUNTO DE ACCESO ADICIONAL DE SERIE-TÍTULO UNIFORME
Título uniforme Publicación Técnica de la Secretaría de Estado de Finanzas
Número de parte o sección de la obra 4
9 (RLIN) 35959
Holdings
Estado de retiro Estado de pérdida No para préstamo Código de colección Localización permanente Ubicación/localización actual Ubicación en estantería Fecha de adquisición Número de inventario Total de préstamos Signatura topográfica completa Código de barras Fecha visto por última vez Precio válido a partir de Tipo de ítem Koha
    Excluido de préstamo Patrimonio Dominicano Patrimonio Dominicano Patrimonio Dominicano Depósito 05.03.2010 LF1   16009-10 25.06.2020 25.06.2020 Libro y Folleto Colección Patrimonio Dominicano

Powered by Koha